01770 2200361 4500035002000000001002100020005001700041006001900058007000300077008004100080856016500121020002300286040002700309082002300336084002100359100003300380245021800413250003100631264004200662300004800704336002400752337003300776338002600809504002600835520040100861650003601262850001301298850001301311990002101324990002101345990002101366990002101387 a0010-0122001218INLIS00000000111175320211027150555.0aa g ||| 0 ta211027s2019 yoia g ||| 0 ind  x http://opac.perpusnas.go.id/uploaded_files/sampul_koleksi/original/Monograf/1389877.JPG?rnd=831147737y http://opac.perpusnas.go.id/DetailOpac.aspx?id=1389877  a 978-602-9129-66-3 a JKPNPNA b ind e rda042 [23]a 617.023 1  a 617.023 1 PAD b0 a Padila, d 1986- e penulis10a Buku ajar: keperawatan medikal bedah : b dilengkapi asuhan keperawatan pada sistem cardio, perkemihan, integumen, persyarafan, gastrointestinal, muskuloskelatal, reproduksi, dan respirasi / c Padila, S.Kep. Ns. a Cetakan III, Januari 2019 1a Yogyakarta : b Nuha Medika, c 2019 a xvi, 376 halaman : b ilustrasi ; c 22 cm 2 rdacontenta teks  2 rdamediaa tanpa perantara  2 rdacarriera volume  a Termasuk bibliografi a Buku ini menyajikan konsep dan sudut pandang keperawatan medikal bedah; peran dan fungsi perawat medikal bedah dalam kebijakan pelayan kesehatan. Pemahaman yang baik tentang konsep penyakit dan konsep asuhan keperawatan tentu akan berguna bagi mahasiswa maupun tenaga keperawatan lainnya dalam memberikan asuhan keperawatan yang berkualitas. Komprehensif jelas sebagai panduan bagi para perawat. 4a Perawat dan perawatan prabedah a JKPNPNA a JKPNPNA a 202100103022090 a 202100103022089 a 202100103022088 a 202100103022087